Liberalisierung der Finanzmärkte und wirtschaftliches Wachstum im Entwicklungsländern

Saved in:
Bibliographic Details
Main Author: Fischer, Bernhard
Format: Book
Language:German
Published: Tübingen Mohr 1982
Series:Kieler Studien 172
Tags: Add Tag
No Tags, Be the first to tag this record!

MARC

LEADER 00000nam a2200000 4500
001 c136615
005 20181203150507.1
041 0 |a ger 
044 |a DE 
245 1 0 |a Liberalisierung der Finanzmärkte und wirtschaftliches Wachstum im Entwicklungsländern  |c Bernhard Fischer 
264 1 |a Tübingen  |b Mohr  |c 1982 
300 |a 222 s. 
490 1 |a Kieler Studien  |v 172 
830 0 |a Kieler Studien  |v 172 
100 1 |a Fischer, Bernhard